Interstellar Character Quiz - Statistics

General Stats
  • This quiz has been taken 193 times
  • The average score is 9 of 17
Answer Stats
Hint Answer % Correct
Son of #3 "Coop" Cooper
97%
Former NASA pilot who had to become a farmer during to the blight Cooper
94%
Daughter of #1 Murphy Cooper
94%
Daughter of the above; crew member of the Endurance Amelia Brand
76%
NASA director who attempts to solve the gravity equation Professor Brand
76%
Robot which was shot into Gargantua TARS
76%
Son of #1 Tom Cooper
75%
Flew for the Lazerus missions; sent a false positive in order to be saved Dr. Mann
61%
Flew to the water world for the Lazerus missions Dr. Miller
56%
Quiet robot which maintains the Endurance CASE
49%
Flew to a habitable planet for the Lazerus missions Dr. Edmunds
36%
Waited 23 years in the Endurance; crew member of the Endurance Romilly
36%
Killed by a wave on the water planet; crew member of the Endurance Doyle
31%
Father-in-law of #1 Donald
29%
Wife of #3 Lois
23%
Robot which the above rigged to explode by the above KIPP
19%
Deseased son of #3 Jeese
1%
No matching quizzes found
Score Distribution
Percent of People with Each Score
Percentile by Number Answered
Your Score History
You have not taken this quiz